Normal view
MARC view
- Kassimali, Sami
Entry Corporate Name
001 - CONTROL NUMBER
- control field: 126105
003 - CONTROL NUMBER IDENTIFIER
- control field: NUST
005 - DATE AND TIME OF LATEST TRANSACTION
- control field: 20240926094009.0
008 - FIXED-LENGTH DATA ELEMENTS
- fixed length control field: 240926|| aca||aabn | a|a d
040 ## - CATALOGING SOURCE
- Original cataloging agency: NUST
- Transcribing agency: NUST
110 ## - HEADING--CORPORATE NAME
- Corporate name or jurisdiction name as entry element: Kassimali, Sami
670 ## - SOURCE DATA FOUND
- Source citation: Work cat.: (NUST): DAS 91510, Engineering mechanics statics, 1987.
